Protecting indigenous knowledge and heritage
Guardat en:
| Autor principal: | |
|---|---|
| Format: | Llibre |
| Idioma: | Undetermined |
| Publicat: |
Canada
Purich
2000
|
| Matèries: | |
| Etiquetes: |
Afegir etiqueta
Sense etiquetes, Sigues el primer a etiquetar aquest registre!
|
| Thư viện lưu trữ: | Trung tâm Học liệu Trường Đại học Cần Thơ |
|---|
| LEADER | 00431nam a2200157Ia 4500 | ||
|---|---|---|---|
| 001 | CTU_56007 | ||
| 008 | 210402s9999 xx 000 0 und d | ||
| 082 | |a 306.08 | ||
| 082 | |b B336 | ||
| 100 | |a Marie Battiste | ||
| 245 | 0 | |a Protecting indigenous knowledge and heritage | |
| 260 | |a Canada | ||
| 260 | |b Purich | ||
| 260 | |c 2000 | ||
| 650 | |a Indigenous peoples - Europe | ||
| 980 | |a Trung tâm Học liệu Trường Đại học Cần Thơ | ||